| 000 | 00728cam a2200241 i 4500 | ||
|---|---|---|---|
| 999 |
_c234583 _d234583 |
||
| 001 | 1743141 | ||
| 003 | Nust | ||
| 005 | 20170324124743.0 | ||
| 008 | 770128s1977 nyu 000 1 eng | ||
| 010 | _a 75006359 | ||
| 020 |
_a9780380018444 _c$7.95 |
||
| 040 |
_aDLC _cDLC _dDLC _dOCoLC _dDLC |
||
| 050 | 0 | 0 |
_aPZ4.S4545 _bOl _aPS3569.E4 |
| 082 | 0 | 0 |
_a813.54 _bSEG |
| 100 | 1 |
_aSegal, Erich, _d1937-2010. |
|
| 245 | 1 | 0 |
_aOliver's story / _cby Erich Segal. |
| 250 | _a1st ed. | ||
| 260 |
_aNew York : _bHarper & Row, _c1977. |
||
| 300 |
_a323 p. ; _c22 cm. |
||
| 650 | 0 |
_aGrief _xFiction. |
|
| 655 | 7 |
_aLove stories. _2gsafd |
|
| 906 |
_a7 _bcbc _corignew _d1 _eocip _f19 _gy-gencatlg |
||
| 942 |
_2ddc _cBK |
||